Statistics for Countries by their local names!

Click here to take the quiz!

General Stats

  • This quiz has been taken 22 times
  • The average score is 34 of 44

Answer Stats

HintAnswer% Correct
ÖsterreichAustria
100%
DeutschlandGermany
100%
Cote d'IvoireIvory Coast
100%
Nihon/ NipponJapan
100%
HollandNetherlands
100%
SlovenskoSlovakia
100%
SuomiFinland
95%
Norge/ NoregNorway
95%
Al Arabiyah as SuudiyahSaudi Arabia
95%
SverigeSweden
95%
Timór Loro Sa’eEast Timor
90%
LietuvaLithuania
90%
MyămaMyanmar
90%
Schweiz/ Suisse / SvizzeraSwitzerland
90%
TojikistonTajikistan
90%
Prathet ThaiThailand
90%
Al Imarat al Arabiyah al MuttahidahUnited Arab Emirates
90%
Jabuuti/ GabuutiDjibouti
85%
Ityop'iyaEthiopia
85%
MagyarorszagHungary
85%
ÉireIreland
85%
LubnanLebanon
85%
SuriyahSyria
85%
KampucheaCambodia
80%
Zhong GuoChina
80%
HrvatskaCroatia
80%
Ellas/ ElladaGreece
75%
Al MaghribMorocco
75%
Al Jaza'irAlgeria
70%
Saltanat UmanOman
70%
Hanguk/ NamhanSouth Korea
70%
Hagärä Ertra/ TigrinyaEritrea
65%
Eesti VabariikEstonia
65%
al-UrdunnJordan
65%
AotearoaNew Zealand
65%
BhāratIndia
60%
Crna GoraMontenegro
60%
HayastanArmenia
55%
ChosŏnNorth Korea
55%
SqhiperiaAlbania
50%
KibrisCyprus
45%
SakartveloGeorgia
45%
Matanitu ko VitiFiji
40%
Dhivehi RaajjeMaldives
40%

Score Distribution

Percentile by Number Answered

Percent of People with Each Score

Your Score History

You have not taken this quiz